Ski Resort Organisation Optimization with Discrete Event Simulation
Využitie metodológie Discrete event simulation (DES) v rezorte lyžovania. Model a metodológia. DES, popis modelu. Simulácie a výsledky. Zhrnutie výsledkov.
Na minha lista:
| Autor principal: | |
|---|---|
| Formato: | Capítulo de Livro |
| Idioma: | inglês |
| Assuntos: | |
| Tags: |
Sem tags, seja o primeiro a adicionar uma tag!
|
MARC
| LEADER | 00000naa a2200000 4500 | ||
|---|---|---|---|
| 001 | 0124918 | ||
| 005 | 20240502083316.6 | ||
| 041 | 0 | |a eng | |
| 044 | |a RS | ||
| 245 | 1 | 0 | |a Ski Resort Organisation Optimization with Discrete Event Simulation |c Tomáš Domonkos |
| 520 | |a Využitie metodológie Discrete event simulation (DES) v rezorte lyžovania. Model a metodológia. DES, popis modelu. Simulácie a výsledky. Zhrnutie výsledkov. | ||
| 610 | 2 | 0 | |a simulácia |
| 610 | 2 | 0 | |a modely simulačné |
| 610 | 2 | 0 | |a metódy simulačné |
| 610 | 2 | 0 | |a metodológia |
| 610 | 2 | 0 | |a optimalizácia |
| 610 | 2 | 0 | |a šport |
| 100 | 1 | |a Domonkos, Tomáš | |